<The>Biology and chemistry of polyamines ed by Sara H Goldemberg and Israel D Algranati (Record no. 1214554)

MARC details
000 -LEADER
fixed length control field 01139nam a2200313Ia 4500
003 - CONTROL NUMBER IDENTIFIER
control field OSt
005 - DATE AND TIME OF LATEST TRANSACTION
control field 20221007125037.0
008 - FIXED-LENGTH DATA ELEMENTS--GENERAL INFORMATION
fixed length control field 221006b |||||||| |||| 00| 0 eng d
020 ## - INTERNATIONAL STANDARD BOOK NUMBER
International Standard Book Number 0199631476 (pbk)
037 ## - SOURCE OF ACQUISITION
Terms of availability Textual
040 ## - CATALOGING SOURCE
Original cataloging agency CDL
Transcribing agency CDL
Language of cataloging eng
041 ## - LANGUAGE CODE
Source of code eng
Language code of text/sound track or separate title eng
100 ## - MAIN ENTRY--PERSONAL NAME
Personal name Goldemberg Sara H Ed
9 (RLIN) 721408
111 ## - MAIN ENTRY--MEETING NAME
Meeting name or jurisdiction name as entry element Argentine-Japanese Joint Seminar^gBuenos Aires^i1989
9 (RLIN) 721409
245 #0 - TITLE STATEMENT
Title <The>Biology and chemistry of polyamines ed by Sara H Goldemberg and Israel D Algranati
Remainder of title Algranati Israel D Ed
260 ## - PUBLICATION, DISTRIBUTION, ETC.
Place of publication, distribution, etc. Oxford
Name of publisher, distributor, etc. IRL Press
Date of publication, distribution, etc. 1990
300 ## - PHYSICAL DESCRIPTION
Extent xv,244p
Dimensions cm.
490 ## - SERIES STATEMENT
Volume/sequential designation Argentine-Japanese Joint Seminar (Buenos Aires)(1989)
Series statement ICSU symposium series; 12
500 ## - GENERAL NOTE
General note Includes bibliographical references; Indexes 239-244p; ^mPurchase; ^1996-10-07^bSB^c1996-10-09
650 ## - SUBJECT ADDED ENTRY--TOPICAL TERM
Topical term or geographic name entry element Organic
650 ## - SUBJECT ADDED ENTRY--TOPICAL TERM
Topical term or geographic name entry element Biochemistry
700 ## - ADDED ENTRY--PERSONAL NAME
Personal name Algranati Israel D Ed
9 (RLIN) 721410
942 ## - ADDED ENTRY ELEMENTS (KOHA)
Classification part E9G,5, N0
Koha item type Textual
Source of classification or shelving scheme Colon Classification (CC)
Holdings
Withdrawn status Lost status Source of classification or shelving scheme Damaged status Not for loan Home library Current library Date acquired Serial Enumeration / chronology Total Checkouts Full call number Barcode Date last seen Price effective from Koha item type
    Colon Classification (CC)     Department of Chemistry Library Department of Chemistry Library 2022-10-07 Argentine-Japanese Joint Seminar (Buenos Aires)(1989)   E9G,5 N0 CD0006061 2022-10-07 2022-10-07 Textual
Copyright @ Delhi University Library System